10 Największych miast w Szwajcarii - Statystyki

Ogólne statystyki
  • Ten quiz został rozwiązany 33 razy
  • Średni wynik to 6 z 10
Odpowiedzi na mapie
Odpowiedzi zakodowano w zielono-czerwonej skali na mapie do tego quizu, zgodnie z poniższymi procentami.
 
Statystyki odpowiedzi
Miasto Populacja % Poprawnych
Berno 135k
96%
Genewa 210k
96%
Bazylea 180k
91%
Zurych 435k
91%
Lucerna 85k
65%
Lozanna 145k
61%
Lugano 65k
52%
Sankt Gallen 80k
43%
Winterthur 120k
30%
Biel / Bienne 55k
9%
Nie znaleziono quizów pasujących do podanych kryteriów
Rozkład punktacji
Procent ludzi z każdym wynikiem
Percentyl według liczby udzielonych odpowiedzi
Twoja historia wyników
Nie rozwiązałeś tego quizu